| 000 | 00709cam a2200157 4500 | ||
|---|---|---|---|
| 082 |
_a621.254 _bIBB _cL-10, P-5 |
||
| 100 | 1 |
_aIbbetson, W. S., _941092 |
|
| 245 | 1 | 0 |
_aAccumulator charging, maintenance and repair, _cintended for the use of all interested in the charging and upkeep of accumulators for radio and tele-communications, electric vehicles, motor-cars and cycles, country house lighting and emergency plants, by W. S. Ibbetson. |
| 250 | _a9th ed. | ||
| 260 |
_aLondon, _bSir I. Pitman & sons, ltd., _c1946. |
||
| 300 |
_aviii, 172 p. _bfront., illus., diagrs. _c18 cm. |
||
| 526 |
_a0 _b0 _c0 _d621_254000000000000_IBB |
||
| 650 | 0 |
_aMCE _9379 |
|
| 650 | 0 |
_aStorage batteries. _941093 |
|
| 942 |
_2ddc _cBK |
||
| 999 |
_c545290 _d545290 |
||